Современная газотранспортная отрасль: перспективы, проблемы, решения: материалы VIII научно-практической конференции молодых ученых и специалистов, 25-26 апреля 2017 г., г. Томск; в 2 т.

Bibliographische Detailangaben
Körperschaften: Газпром (570), Газпром трансгаз Томск, Современная газотранспортная отрасль: перспективы, проблемы, решения
Sprache:Russisch
Veröffentlicht: Томск, Офсет центр, 2017
Format: MixedMaterials Buch
KOHA link:https://koha.lib.tpu.ru/cgi-bin/koha/opac-detail.pl?biblionumber=673088

MARC

LEADER 00000nam1a22000003 4500
001 673088
005 20240627133905.0
010 |a 978-5-9908251-4-7 
090 |a 673088 
100 |a 20240617d2017 k||y0rusy50 ca 
101 0 |a rus 
102 |a RU 
200 1 |a Современная газотранспортная отрасль: перспективы, проблемы, решения  |e материалы VIII научно-практической конференции молодых ученых и специалистов, 25-26 апреля 2017 г., г. Томск  |e в 2 т.  |f Газпром, Газпром трансгаз Томск 
210 |a Томск  |c Офсет центр  |d 2017 
517 1 |a Материалы VIII научно-практической конференции молодых ученых и специалистов"Современная газотранспортная отрасль: перспективы, проблемы, решения"  |z rus 
517 1 |a Материалы 8 научно-практической конференции молодых ученых и специалистов "Современная газотранспортная отрасль: перспективы, проблемы, решения"  |z rus 
712 0 2 |a Газпром  |c (Москва)  |c (1989- )  |4 570  |9 23124 
712 0 2 |a Газпром трансгаз Томск  |c Общество с ограниченной ответственностью  |4 570  |9 25969 
712 1 2 |a Современная газотранспортная отрасль: перспективы, проблемы, решения  |c научно-практическая конференция  |4 570  |d 8  |e Томск  |f 2017 
801 0 |a RU  |b 63413507  |c 20240617 
850 |a 63413507 
942 |c BK